000 00721nam a22002417a 4500
001 90216
003 UA-OsUOA
005 20191121123634.0
007 ta
008 20121114b un ||||| |||| 00| 0 ukr d
040 _aUA-OsUOA
_bukr
_cUA-OsUOA
_dUA-OsUOA
041 _aukr
080 _a821.161.2
090 _a821.161.2
_bК31
100 _aКащенко А.
245 _aБорці за правду
_bІсторична повість
260 _bУніверсальна бібліотека
_c1947
300 _a176 с.
650 7 _a82 Література. Літературознавство
_2UDC
942 _cBK
_2udc
955 _a2
999 _c376536
_d376536